| 000 | 00654nam a2200241Ia 4500 | ||
|---|---|---|---|
| 003 | OSt | ||
| 005 | 20230523112527.0 | ||
| 008 | 210423s2014 xx 000 0 und d | ||
| 020 | _a978-1-25-909712-6 | ||
| 040 | _cAL | ||
| 041 | _aeng | ||
| 082 |
_a657 _223 _bANTA |
||
| 100 |
_aANTHONY (Robert N);HAWKINS (David F);MERCHANT (Kenneth A) _937205 |
||
| 245 | _aAccounting: text and cases Ed 13 | ||
| 250 | _a13 | ||
| 260 |
_aNew Delhi _bMcGrawhill Education _c2014 |
||
| 300 |
_axvii,911 _bPB |
||
| 365 |
_b699 _cINR |
||
| 650 |
_aAccounting _937206 |
||
| 650 |
_aAccounting _937206 |
||
| 906 | _a13 ; Accounting: ; cases ; Ed | ||
| 942 |
_2ddc _cBK |
||
| 999 |
_c166759 _d166759 |
||